<?xml version="1.0" encoding="UTF-8"?>
<collection xmlns:xsi="http://www.w3.org/2001/XMLSchema-instance" xsi:schemaLocation="http://www.loc.gov/MARC21/slim http://www.loc.gov/standards/marcxml/schema/MARC21slim.xsd" xmlns="http://www.loc.gov/MARC21/slim">
 <record>
  <leader>00000cam a2200000 i 4500</leader>
  <controlfield tag="001">UP-99796217613057610</controlfield>
  <controlfield tag="003">Buklod</controlfield>
  <controlfield tag="005">20230216131453.0</controlfield>
  <controlfield tag="006">m    |o  d |      </controlfield>
  <controlfield tag="007">ta</controlfield>
  <controlfield tag="008">230216s2017    flu     r     001 0 eng d</controlfield>
  <datafield tag="020" ind1=" " ind2=" ">
   <subfield code="a">9781498757973 (hbd.)</subfield>
  </datafield>
  <datafield tag="035" ind1=" " ind2=" ">
   <subfield code="a">(iLib)UPD-00408764629</subfield>
  </datafield>
  <datafield tag="037" ind1=" " ind2=" ">
   <subfield code="a">Pu-29574</subfield>
   <subfield code="c">PhP9,250.00</subfield>
  </datafield>
  <datafield tag="040" ind1=" " ind2=" ">
   <subfield code="a">DLC</subfield>
   <subfield code="d">DCPA</subfield>
   <subfield code="e">rda</subfield>
  </datafield>
  <datafield tag="041" ind1="0" ind2=" ">
   <subfield code="a">eng</subfield>
  </datafield>
  <datafield tag="090" ind1="0" ind2="0">
   <subfield code="a">K 5215</subfield>
   <subfield code="b">P83 2017</subfield>
  </datafield>
  <datafield tag="245" ind1="1" ind2="0">
   <subfield code="a">Public corruption</subfield>
   <subfield code="b">regional and national perspectives on procurement fraud</subfield>
   <subfield code="c">edited by Petter Gottschalk and Perry Stanislas.</subfield>
  </datafield>
  <datafield tag="264" ind1=" " ind2="1">
   <subfield code="a">Boca Raton, Florida</subfield>
   <subfield code="b">CRC Press</subfield>
   <subfield code="c">[2017]</subfield>
  </datafield>
  <datafield tag="300" ind1=" " ind2=" ">
   <subfield code="a">xviii, 245 pages</subfield>
   <subfield code="c">25 cm</subfield>
  </datafield>
  <datafield tag="336" ind1=" " ind2=" ">
   <subfield code="a">text</subfield>
   <subfield code="2">rdacontent</subfield>
  </datafield>
  <datafield tag="337" ind1=" " ind2=" ">
   <subfield code="a">unmediated</subfield>
   <subfield code="2">rdamedia</subfield>
  </datafield>
  <datafield tag="338" ind1=" " ind2=" ">
   <subfield code="a">volume</subfield>
   <subfield code="2">rdacarrier</subfield>
  </datafield>
  <datafield tag="504" ind1=" " ind2=" ">
   <subfield code="a">Includes bibliographical references and index.</subfield>
  </datafield>
  <datafield tag="505" ind1="0" ind2="0">
   <subfield code="a">Convenience theory of white-collar crime / Petter Gottschalk -- Neutralization theory of public corruption / Petter Gottschalk -- Public service motivation theory / Michael L. Benson and Petter Gottschalk -- Public and police corruption in Eastern Europe / James F. Albrecht -- Whistle-blowers in corruption detection in Norway / Petter Gottschalk -- Corruption--the noble way in Norway / Harald N. Røstvik -- Trackling corruption and crime in public procuremen in the 2012 London olympics and paralympics games : the role of operation podium, the specialist organized, and economic crime unit of the Metropolitan Police / Perry Stanislas -- Tackling corruption in the sub-Saharan African extraction industries / Kennedy Mkutu Agade and Perry Stanislas -- Governance and public corruption in Nigeria / Oyesoji Aremu -- Supply chain and procurement corruption in local government : the South African experience / Evangelos Mantzaris and Pregala Pillay -- Corruption and public procurement fraud in the English-speaking Caribbean / Perry Stanislas and Karen Lancaster-Ellis -- Corruption and anticorruption in Pakistan / Fasihuddin, Imran Ahmad Sajid, and Farhat Ullah -- Government corruption and authoritarian rule in Turkey / Hasan T. Arslan and Aydogan Vatandas.</subfield>
  </datafield>
  <datafield tag="520" ind1="0" ind2=" ">
   <subfield code="a">This volume presents the latest scholarly research on the practice of public corruption. The authors explore the causes and methods of fraud-related crime, as well as how it can be detected. The book also investigates the best strategies to prevent corruption, as well as convention punishments for those convicted. Intended for criminal justice students and practitioners, Public Corruption: Regional and National Perspectives on Procurement Fraud is a valuable resource for all stages of fraud investigation.</subfield>
  </datafield>
  <datafield tag="650" ind1="0" ind2="0">
   <subfield code="a">White collar crimes</subfield>
   <subfield code="x">Law and legislation.</subfield>
  </datafield>
  <datafield tag="650" ind1="0" ind2="0">
   <subfield code="a">Government purchasing</subfield>
   <subfield code="x">Law and legislation</subfield>
   <subfield code="x">Criminal provisions.</subfield>
  </datafield>
  <datafield tag="650" ind1="0" ind2="0">
   <subfield code="a">Government purchasing</subfield>
   <subfield code="x">Corrupt practices.</subfield>
  </datafield>
  <datafield tag="700" ind1="1" ind2=" ">
   <subfield code="a">Gottschalk, Petter</subfield>
   <subfield code="e">editor.</subfield>
  </datafield>
  <datafield tag="700" ind1="1" ind2=" ">
   <subfield code="a">Stanislas, Perry</subfield>
   <subfield code="e">editor.</subfield>
  </datafield>
  <datafield tag="842" ind1=" " ind2=" ">
   <subfield code="a">Book</subfield>
  </datafield>
  <datafield tag="905" ind1=" " ind2=" ">
   <subfield code="a">FO</subfield>
  </datafield>
  <datafield tag="852" ind1="0" ind2=" ">
   <subfield code="a">UPD</subfield>
   <subfield code="b">DCPA</subfield>
   <subfield code="h">K 5215</subfield>
   <subfield code="i">P83 2017</subfield>
  </datafield>
  <datafield tag="942" ind1=" " ind2=" ">
   <subfield code="a">Book</subfield>
  </datafield>
 </record>
</collection>
